000 00309 a2200109 4500
001 ART_8062
005 20260410161639.0
008 260409a
245 1 0 _aDe las facturas apócrifas
100 1 _aBechara, Fabián
773 0 _tConsultor tributario
_g- Vol. 3, Nº 25 (mar. 2009)
_wREV474
999 _c13166
_d13166